000 00385cam a2200157ua 4500
041 _aeng
_h
082 _a425
_bMEN/CO
100 _aMendtstton, Palms .
245 _aCorrect your english /
_cMedetsson B.
_hTextual Documents
260 _aLondon :
_bLongman Green and Co ,
_c1960.
300 _a182 ; .
504 _a
700 1 _aJ.W, .
942 _cBK
999 _c12432
_d12432